Analytické a senzorické hodnotenie čajovníkových listov (Camellia sinensis L.)

Gespeichert in:
Bibliographische Detailangaben
1. Verfasser: Suli, Ján (Verfasst von)
Format: Manuskript Buch
Sprache:Slowakisch
Veröffentlicht: Bratislava : STU v Bratislave FCHPT, 2003
Ausgabe:Obháj.: 3.6.2003
Tags: Tag hinzufügen
Keine Tags, Fügen Sie das erste Tag hinzu!

MARC

LEADER 00000ntm a22000003a 4500
001 stu81074
005 20150617225640.4
008 030619s2003----xo------------------slo-d
040 |a STU  |b slo 
041 0 |a slo 
044 |a xo 
100 1 |a Suli, Ján  |4 aut 
245 1 |a Analytické a senzorické hodnotenie čajovníkových listov (Camellia sinensis L.) 
250 |a Obháj.: 3.6.2003 
260 |a Bratislava :  |b STU v Bratislave FCHPT,  |c 2003 
300 |a 88 s. Obr.,tab.,grafy,lit 
500 |a Odbor: Technológia mlieka, tukov a kozmetiky 
996 |b 284C030183  |c C*D13927  |l CCI  |s A  |a 24  |w stu81074_0001